|
|
|
|
| LEADER |
00000cam a2200000 a 4500 |
| 001 |
vtls001142399 |
| 003 |
SK-MaSNL |
| 005 |
20260301194258.0 |
| 008 |
251001s1963 xr a drp 000 0 cze |
| 015 |
|
|
|a SNBA1963
|
| 020 |
|
|
|q (viazané)
|
| 035 |
|
|
|a SNK000085252
|
| 035 |
|
|
|a 76C1C298-31B1-40F5-8EDE-9CEC8ABBD4EE
|
| 035 |
|
|
|a urn:nbn:sk:snk-am00icjk
|
| 040 |
|
|
|a SNK
|b slo
|c SNK
|e AACR2
|
| 041 |
0 |
|
|a cze
|
| 044 |
|
|
|a xr
|c CZ
|
| 072 |
|
7 |
|a 512
|x Algebra
|2 konspekt
|
| 072 |
|
7 |
|a 37.016
|x Učebné osnovy. Vyučovacie predmety. Učebnice
|2 konspekt
|
| 080 |
|
|
|a 512
|2 2011
|
| 080 |
|
|
|a (075.3)
|2 2011
|
| 245 |
0 |
0 |
|a Algebra pro III. ročník středních všeobecně vzdělávacích škol
|b pokusná učebnice
|
| 250 |
|
|
|a 3. nezm. vyd.
|
| 260 |
|
|
|a Praha
|b Státní pedagogické nakladatelství
|c 1963
|
| 300 |
|
|
|a 131 strán
|b ilustrácie
|c 21 cm
|
| 490 |
0 |
|
|a Učebnice pro všeobecně vzdělávací školy
|
| 500 |
|
|
|a Obsahuje výsledky cvičení
|
| 650 |
0 |
7 |
|a algebra
|2 SNKPH
|9 1101
|
| 655 |
|
7 |
|a učenice stredných škôl
|2 SNKPH
|9 574609
|
| 852 |
|
|
|a Slovenská národná knižnica
|
| 954 |
|
|
|a odborná, vedecká literatúra cudzojazyčná (svetová)
|2 lita
|
| 958 |
|
|
|a EUIPO
|
| 958 |
|
|
|a OND
|
| 999 |
|
|
|c 881237
|d 883167
|
| 952 |
|
|
|a SNK
|b SNK
|y PREZ
|7 0
|p 17A0883351
|o snkSC 18129
|i snkKSP 4172/63
|0 0
|1 0
|4 0
|d 2021-11-18
|f 1
|l 0
|r 2025-07-25 00:00:00
|w 2026-02-24
|